| 000 | 00346nam a2200109Ia 4500 | ||
|---|---|---|---|
| 008 | 171204s9999 xx 000 0 und d | ||
| 245 | _aAdvertising Food In Europe: A Comparative Law Analysis | ||
| 245 | _cAude Mahy | ||
| 260 | _c2014 | ||
| 650 | _xADVERTISING PRINCIPLES | ||
| 856 | _uhttp://down.ebook777.com/013/AdvFooInEurAComLawAnaByAudMah.pdf | ||
| 999 |
_c346024 _d346024 |
||